Vybrané problémy merania výkonnosti komerčnej banky
Výkonnosť komerčnej banky. Prehľad základných ukazovateľov merania výkonnosti bánk - tradičné, ekonomické, trhové ukazovatele. Ďalšie aspekty pri posudzovaní výkonnosti bánk.
Salvato in:
| Autore principale: | |
|---|---|
| Natura: | Capitolo di libro |
| Lingua: | slovacco |
| Soggetti: | |
| Tags: |
Nessun Tag, puoi essere il primo ad aggiungerne!!
|
MARC
| LEADER | 00000nla a2200000 4500 | ||
|---|---|---|---|
| 001 | 0164189 | ||
| 005 | 20240502072848.7 | ||
| 041 | 0 | |a slo | |
| 044 | |a SK | ||
| 245 | 1 | 0 | |a Vybrané problémy merania výkonnosti komerčnej banky |c Kristína Hrvoľová |
| 520 | |a Výkonnosť komerčnej banky. Prehľad základných ukazovateľov merania výkonnosti bánk - tradičné, ekonomické, trhové ukazovatele. Ďalšie aspekty pri posudzovaní výkonnosti bánk. | ||
| 610 | 2 | 0 | |a banky obchodné |
| 610 | 2 | 0 | |a výkonnosť |
| 610 | 2 | 0 | |a meranie výkonnosti |
| 610 | 2 | 0 | |a ukazovatele |
| 100 | 1 | |a Hrvoľová, Kristína | |